[Event "Your Next Move (Blitz)"]
[Site "Leuven BEL"]
[Date "2018.06.16"]
[EventDate "2018.06.12"]
[Round "15"]
[Result "0-1"]
[White "Viswanathan Anand"]
[Black "Hikaru Nakamura"]
[WhiteElo "2759"]
[BlackElo "2769"]
[PlyCount "98"]

1. e4 d6 2. d4 g6 3. Nc3 Bg7 4. f4 a6 5. Nf3 b5 6. Bd3 Nd7
7. a4 b4 8. Ne2 c5 9. c3 Bb7 10. O-O Ngf6 11. e5 Nd5 12. Bd2
bxc3 13. bxc3 cxd4 14. cxd4 O-O 15. Ng3 a5 16. Kh1 Nb4 17. Be4
d5 18. Bb1 Ba6 19. Re1 e6 20. f5 exf5 21. Nxf5 gxf5 22. Bxf5
h6 23. Ra3 Bc8 24. Ng5 Nb6 25. Bh7+ Kh8 26. Qh5 f6 27. exf6
Qxf6 28. Rf3 Bg4 29. Qxg4 Qxd4 30. Nf7+ Kxh7 31. Qf5+ Kg8
32. Nxh6+ Kh8 33. Nf7+ Kg8 34. Nh6+ Kh8 35. Nf7+ Kg8 36. Bc3
Qxc3 37. Rxc3 Rxf7 38. Qe6 Bxc3 39. Rf1 Raf8 40. g4 Nd7 41. g5
Nc5 42. Qg6+ Bg7 43. Rxf7 Rxf7 44. h4 Nbd3 45. h5 Nf4 46. Qc6
Ne4 47. h6 Bf8 48. g6 Rf6 49. h7+ Kh8 0-1

[Event "FTX Crypto Cup"]
[Site "chess24.com INT"]
[Date "2021.05.23"]
[EventDate "2021.05.23"]
[Round "2.6"]
[Result "1-0"]
[White "Hikaru Nakamura"]
[Black "Shakhriyar Mamedyarov"]
[WhiteElo "2736"]
[BlackElo "2770"]
[PlyCount "92"]

1. e4 e5 2. Nf3 Nc6 3. Bb5 Nf6 4. O-O Nxe4 5. Re1 Nd6 6. Nxe5
Be7 7. Bf1 Nxe5 8. Rxe5 O-O 9. Nc3 Ne8 10. Nd5 Bd6 11. Re2 c6
12. Ne3 Bc7 13. Nf5 d5 14. Ne7+ Kh8 15. Nxc8 Rxc8 16. g3 Qd7
17. d3 Nd6 18. Be3 Rce8 19. Qd2 Bb6 20. Bf4 Rxe2 21. Qxe2 Re8
22. Qf3 Qf5 23. Bg2 Re6 24. h4 Ne8 25. Kh2 Qf6 26. c3 Bc7
27. Bg5 Qxf3 28. Bxf3 h6 29. Bd2 Nf6 30. h5 Kg8 31. Kg2 a5
32. c4 dxc4 33. dxc4 Ne4 34. Be1 Kf8 35. Rd1 Ke7 36. Bg4 Rd6
37. Rxd6 Bxd6 38. Bxa5 Be5 39. Bf3 f5 40. Bxe4 fxe4 41. b3 Kf6
42. Bd2 g6 43. hxg6 Kxg6 44. a4 h5 45. b4 Kf5 46. Kh3 Bf6 1-0

[Event "FTX Crypto Cup"]
[Site "chess24.com INT"]
[Date "2021.05.23"]
[EventDate "2021.05.23"]
[Round "3.4"]
[Result "0-1"]
[White "Ian Nepomniachtchi"]
[Black "Hikaru Nakamura"]
[WhiteElo "2792"]
[BlackElo "2736"]
[PlyCount "138"]

1. e4 e5 2. Nf3 Nc6 3. Bb5 Nf6 4. O-O Nxe4 5. d4 Nd6 6. Ba4
exd4 7. c3 b5 8. Bc2 Be7 9. Re1 O-O 10. a3 Bb7 11. cxd4 Bf6
12. Nc3 Re8 13. Rxe8+ Qxe8 14. Nd5 Bd8 15. Qd3 f5 16. Bf4 Ne7
17. Nc3 a6 18. Re1 Qg6 19. d5 Nc4 20. Nd4 Qf7 21. Nxf5 Nxf5
22. Qxf5 Qxf5 23. Bxf5 Nb6 24. Re8+ Kf7 25. Rxd8 Rxd8 26. Bxc7
Re8 27. Ne4 Nc4 28. f3 Bxd5 29. Ng5+ Kf6 30. Bxd7 Re1+ 31. Kf2
Rb1 32. Bd8+ Ke5 33. b4 Kd6 34. Bc8 Rb2+ 35. Kg3 Ne3 36. Bxa6
h6 37. Ne4+ Bxe4 38. fxe4 Kc6 39. e5 Rd2 40. Ba5 Ra2 41. e6
Nd5 42. Bc8 Rxa3+ 43. Kg4 Kd6 44. Ba6 Ra2 45. g3 Rxh2 46. Bxb5
Kxe6 47. Bc4 Ke5 48. Bxd5 Kxd5 49. Kf5 Rh5+ 50. Kf4 Ke6
51. Bb6 Rf5+ 52. Ke4 h5 53. Bd8 Rb5 54. Ba5 Rg5 55. Kf3 Rf5+
56. Kg2 Rb5 57. Kh3 Kf5 58. Kh4 g6 59. g4+ hxg4 60. Kg3 Rd5
61. Bb6 Rd3+ 62. Kg2 Rb3 63. Bc5 g3 64. Kh3 Kf4 65. Bd6+ Kf3
66. Bxg3 Rxb4 67. Bd6 Rd4 68. Ba3 g5 69. Kh2 g4 0-1

[Event "FTX Crypto Cup"]
[Site "chess24.com INT"]
[Date "2021.05.24"]
[EventDate "2021.05.23"]
[Round "6.4"]
[Result "1-0"]
[White "Hikaru Nakamura"]
[Black "Alan Pichot"]
[WhiteElo "2736"]
[BlackElo "2630"]
[PlyCount "107"]

1. e4 c5 2. Nf3 d6 3. Bb5+ Nd7 4. c4 Nf6 5. Nc3 g6 6. O-O Bg7
7. d4 cxd4 8. Nxd4 O-O 9. Ba4 Ne5 10. Qe2 Bd7 11. Bxd7 Qxd7
12. Rd1 Rfc8 13. b3 a6 14. Bb2 Rab8 15. h3 Nc6 16. Nf3 Qe8
17. Nd5 Nd7 18. Bxg7 Kxg7 19. Qb2+ Kg8 20. Rac1 Nde5 21. Ne1
Qf8 22. Qe2 Nd7 23. Qe3 Qg7 24. Rc2 Kf8 25. f4 a5 26. Nf3 Rd8
27. Nc3 Nc5 28. Rcd2 b6 29. Nd5 b5 30. cxb5 Rxb5 31. Nc3 Rbb8
32. e5 Nb7 33. Na4 dxe5 34. Nxe5 Nxe5 35. fxe5 Kg8 36. Nb6
Rxd2 37. Rxd2 Nd8 38. Nc4 Nc6 39. Qc5 Rc8 40. Rd7 Qh6 41. Nb6
Rd8 42. Qxc6 Qe3+ 43. Kh1 Qe1+ 44. Kh2 Qxe5+ 45. g3 Rf8
46. Nc4 Qe1 47. Qf3 a4 48. Qe3 Qb1 49. Rd2 axb3 50. Qxb3 Qe1
51. Qd1 Qe6 52. Qe2 Qa6 53. Ne5 Qb7 54. Nd7 1-0

[Event "FTX Crypto Cup"]
[Site "chess24.com INT"]
[Date "2021.05.24"]
[EventDate "2021.05.23"]
[Round "7.6"]
[Result "1/2-1/2"]
[White "Anish Giri"]
[Black "Hikaru Nakamura"]
[WhiteElo "2780"]
[BlackElo "2736"]
[PlyCount "64"]

1. e4 e5 2. Nf3 Nc6 3. d4 exd4 4. Nxd4 Bb4+ 5. c3 Bc5 6. Be3
Bb6 7. Nf5 Bxe3 8. Nxe3 Nge7 9. c4 d6 10. Nc3 O-O 11. Be2 f5
12. exf5 Nxf5 13. Nxf5 Bxf5 14. O-O Be6 15. Qd2 Qf6 16. Rad1
Qf4 17. Nd5 Bxd5 18. cxd5 Ne5 19. Qxf4 Rxf4 20. Rc1 Re4
21. Rc2 Re8 22. f3 Rb4 23. b3 Nd7 24. Bc4 Ne5 25. a3 Rb6
26. b4 Nxc4 27. Rxc4 Ra6 28. Rc3 Re2 29. Rf2 Re1+ 30. Rf1 Re2
31. Rf2 Re1+ 32. Rf1 Re2 1/2-1/2

[Event "FTX Crypto Cup"]
[Site "chess24.com INT"]
[Date "2021.05.24"]
[EventDate "2021.05.23"]
[Round "8.3"]
[Result "1/2-1/2"]
[White "Hikaru Nakamura"]
[Black "Ding Liren"]
[WhiteElo "2736"]
[BlackElo "2799"]
[PlyCount "97"]

1. d4 Nf6 2. c4 e6 3. Nc3 Bb4 4. Qc2 O-O 5. Nf3 d5 6. cxd5
exd5 7. Bf4 c5 8. dxc5 Qa5 9. e3 Bf5 10. Bd3 Bxc3+ 11. bxc3
Bxd3 12. Qxd3 Qxc5 13. Rb1 b6 14. Be5 Nbd7 15. Bd4 Qa3 16. Qc2
Rfc8 17. O-O Ne4 18. Rfc1 Ndc5 19. Nd2 Nd6 20. Rd1 Qa4 21. Nb3
Ne6 22. Qe2 Nb5 23. Be5 f6 24. Na1 Nxc3 25. Bxc3 Rxc3 26. Rxd5
Qe4 27. Rdd1 Rac8 28. Rb2 Qc4 29. Kf1 Rc1 30. Rd2 Rxd1+
31. Rxd1 Kf8 32. Nb3 Qxe2+ 33. Kxe2 Rc2+ 34. Rd2 Rxd2+
35. Kxd2 Ke7 36. e4 Kd6 37. Ke3 g5 38. f3 Ke5 39. g3 h5 40. h4
gxh4 41. f4+ Kd6 42. gxh4 a6 43. Nd2 b5 44. Nf1 a5 45. Ng3 Ng7
46. Kd4 Ne6+ 47. Ke3 Ng7 48. Kd4 Ne6+ 49. Ke3 1/2-1/2

[Event "FTX Crypto Cup"]
[Site "chess24.com INT"]
[Date "2021.05.24"]
[EventDate "2021.05.23"]
[Round "10.2"]
[Result "1/2-1/2"]
[White "Hikaru Nakamura"]
[Black "Daniil Dubov"]
[WhiteElo "2736"]
[BlackElo "2710"]
[PlyCount "83"]

1. d4 Nf6 2. c4 g6 3. g3 c6 4. Bg2 d5 5. Nf3 Bg7 6. O-O O-O
7. Qb3 dxc4 8. Qxc4 b5 9. Qb3 Be6 10. Qd1 c5 11. Nc3 Nc6
12. dxc5 b4 13. Nb5 Bd5 14. Nbd4 Qa5 15. a3 Qxc5 16. Nxc6 Bxc6
17. Bd2 bxa3 18. Rxa3 Rad8 19. Qc1 Qxc1 20. Bxc1 Rd7 21. Ne5
Bxg2 22. Nxd7 Bxf1 23. Nxf6+ Bxf6 24. Kxf1 Rc8 25. Be3 Bxb2
26. Rxa7 Bf6 27. Rb7 h5 28. Bf4 Ra8 29. Rb8+ Rxb8 30. Bxb8 Kg7
31. h3 Kg8 32. f3 e6 33. g4 hxg4 34. hxg4 Be7 35. e4 f5
36. gxf5 gxf5 37. exf5 exf5 38. Ke2 Kf7 39. Bf4 Ke6 40. Bd2
Kd5 41. Bc1 Bd6 42. Bd2 1/2-1/2

[Event "FIDE Grand Prix 1 Pool A"]
[Site "Berlin GER"]
[Date "2022.02.07"]
[Round "4"]
[White "Nakamura,Hi"]
[Black "Bacrot,E"]
[Result "1/2-1/2"]
[WhiteElo "2736"]
[BlackElo "2642"]
[EventDate "2022.02.04"]

1. e4 e6 2. d4 d5 3. Nc3 Nf6 4. e5 Nfd7 5. f4 c5 6. Nf3 Nc6 7. Be3 a6 8. 
a3
cxd4 9. Nxd4 Bc5 10. Qd2 g5 11. Nf3 d4 12. Bxd4 Nxd4 13. Nxd4 gxf4 
14. Qxf4
Nxe5 15. Nb3 Ng6 16. Qf3 Ba7 17. Bxa6 O-O 18. Bd3 Qh4+ 19. Qg3 Qh6 
20. h4
f5 21. Nd2 Bb8 22. Qf2 Ba7 23. Qg3 Bb8 24. Qf2 Ba7 25. Qg3 Bb8 1/2-
1/2

[Event "FIDE Worldchess Grand Prix Berlin 2022"]
[Site "Berlin GER"]
[Date "2022.02.13"]
[Round "10.1"]
[White "Rapport, Richard"]
[Black "Nakamura, Hikaru"]
[Result "1/2-1/2"]
[WhiteElo "2763"]
[BlackElo "2736"]

1. Nf3  d5 2. g3  Nf6 3. Bg2  e6 4. O-O  Be7 5. d3  O-O 6. Nbd2  
Nc6 7. d4  Ne4 8. c3  f5 9. Ne1  e5 10. Ndf3  Bf6 11. e3  b6 12. 
Nd3  Re8 13. Re1  Ba6 14. Bh3  Bxd3 15. Qxd3  Qd7 16. Rd1  
Rad8 17. b4  Qe6 18. b5  Na5 19. dxe5  Bxe5 20. Nd4  Qh6 21. 
Bg2  Qf6 22. a4  Bxd4 23. cxd4  c5 24. bxc6  Qxc6 25. Bd2  Nc4 
26. Rdc1  Rc8 27. Be1  Qe6 28. Rcb1  a6 29. Rb3?! (29. Qd1)  
Rc6 30. Rab1  g5 1/2-1/2

[Event "FIDE Candidates 2022"]
[Site "Madrid ESP"]
[Date "2022.06.25"]
[EventDate "2022.06.16"]
[Round "7"]
[Result "1/2-1/2"]
[White "J Duda"]
[Black "Hi Nakamura"]
[WhiteElo "2750"]
[BlackElo "2760"]
[PlyCount "80"]

1. d4 Nf6 2. c4 e6 3. Nc3 Bb4 4. e3 O-O 5. Bd3 c5 6. Nge2 d5 7. cxd5 cxd4
8. exd4 Nxd5 9. O-O Nc6 10. a3 Bd6 11. Re1 Nce7 12. Bc2 Bd7 13. Qd3 f5 14.
Bb3 Qb6 15. Nxd5 Nxd5 16. Bxd5 exd5 17. Bf4 Rae8 18. g3 Bxf4 19. Nxf4 Re4
20. Red1 Bc6 21. h4 Rfe8 22. Qc3 g6 23. b4 Ba4 24. Rd2 Qc6 25. Qc5 Re1+ 26.
Rxe1 Rxe1+ 27. Kg2 Qxc5 28. bxc5 Bc6 29. Re2 Rd1 30. Ne6 Bd7 31. Nd8 Rxd4
32. Re7 Bc6 33. Nxc6 bxc6 34. Rc7 Ra4 35. Rxc6 Rxa3 36. Rd6 Rc3 37. Rxd5 a5
38. c6 a4 39. Ra5 a3 40. c7 Rxc7 1/2-1/2

[Event "World Rapid Championship"]
[Site "Almaty KAZ"]
[Date "2022.12.28"]
[EventDate "2022.12.26"]
[Round "13.19"]
[Result "1/2-1/2"]
[White "Vasif Durarbayli"]
[Black "Hikaru Nakamura"]
[WhiteElo "2612"]
[BlackElo "2768"]
[PlyCount "26"]

1. e4 e5 2. Nf3 Nc6 3. Bb5 a6 4. Ba4 d6 5. O-O Bd7 6. d4 b5 7. Bb3 Nxd4 8. Nxd4
exd4 9. c3 dxc3 10. Qd5 Be6 11. Qc6+ Bd7 12. Qd5 Be6 13. Qc6+ 1/2-1/2